<?xml version="1.0" encoding="UTF-8"?>
<record
    xmlns:xsi="http://www.w3.org/2001/XMLSchema-instance"
    xsi:schemaLocation="http://www.loc.gov/MARC21/slim http://www.loc.gov/standards/marcxml/schema/MARC21slim.xsd"
    xmlns="http://www.loc.gov/MARC21/slim">

  <leader>01249nab a22002657a 4500</leader>
  <datafield tag="999" ind1=" " ind2=" ">
    <subfield code="c">6393</subfield>
    <subfield code="d">6393</subfield>
  </datafield>
  <controlfield tag="003">OSt</controlfield>
  <controlfield tag="005">20260201173425.0</controlfield>
  <controlfield tag="008">190506c        xxu||||| |||| 00| 0 spa d</controlfield>
  <datafield tag="040" ind1=" " ind2=" ">
    <subfield code="c">PJ</subfield>
  </datafield>
  <datafield tag="100" ind1=" " ind2=" ">
    <subfield code="9">7031</subfield>
    <subfield code="a">Forastiero, Luciano </subfield>
  </datafield>
  <datafield tag="245" ind1="1" ind2="3">
    <subfield code="a">El instituto de la huelga /</subfield>
    <subfield code="c">Luciano Forastiero, Natalia Julieta Galdeano. </subfield>
  </datafield>
  <datafield tag="260" ind1=" " ind2=" ">
    <subfield code="a">Buenos Aires :</subfield>
    <subfield code="b">AbeledoPerrot,</subfield>
    <subfield code="c">2023.</subfield>
  </datafield>
  <datafield tag="300" ind1=" " ind2=" ">
    <subfield code="a">p. 20-24</subfield>
  </datafield>
  <datafield tag="500" ind1=" " ind2=" ">
    <subfield code="a">Cita: TR LALEY AR/DOC/2032/2023 </subfield>
  </datafield>
  <datafield tag="505" ind1=" " ind2=" ">
    <subfield code="a">Sumario: I. Introducci&#xF3;n. Concepto.&#x2014; II. Clasificaci&#xF3;n.&#x2014; III. Titularidad del derecho de huelga.&#x2014; IV. Legitimidad del ejercicio del derecho de huelga.&#x2014; V. Efectos de la huelga.&#x2014; VI. Derecho de huelga en Argentina.&#x2014; VII. Derecho de huelga en el mundo.&#x2014; VIII. Bibliograf&#xED;a. </subfield>
  </datafield>
  <datafield tag="505" ind1=" " ind2=" ">
    <subfield code="t">&#xBF;Te interesa el texto completo? Comunicate al correo: koha@justierradelfuego.gov.ar</subfield>
  </datafield>
  <datafield tag="650" ind1=" " ind2="0">
    <subfield code="9">1316</subfield>
    <subfield code="a">DERECHO LABORAL</subfield>
  </datafield>
  <datafield tag="650" ind1=" " ind2="0">
    <subfield code="9">1341</subfield>
    <subfield code="a">HUELGA</subfield>
  </datafield>
  <datafield tag="650" ind1=" " ind2="0">
    <subfield code="9">4564</subfield>
    <subfield code="a">DERECHO DE HUELGA</subfield>
  </datafield>
  <datafield tag="650" ind1=" " ind2="0">
    <subfield code="9">1462</subfield>
    <subfield code="a">CONFLICTOS COLECTIVOS DE TRABAJO</subfield>
  </datafield>
  <datafield tag="650" ind1=" " ind2="0">
    <subfield code="9">1340</subfield>
    <subfield code="a">MEDIDAS DE FUERZA</subfield>
  </datafield>
  <datafield tag="700" ind1=" " ind2=" ">
    <subfield code="9">7032</subfield>
    <subfield code="a">Galdeano, Natalia Julieta</subfield>
  </datafield>
  <datafield tag="773" ind1="0" ind2=" ">
    <subfield code="0">2751</subfield>
    <subfield code="9">3202</subfield>
    <subfield code="d">Buenos Aires : AbeledoPerrot,  2013-</subfield>
    <subfield code="t">Revista de derecho laboral y seguridad social. N&#xBA; 19- Octubre 2023</subfield>
  </datafield>
  <datafield tag="942" ind1=" " ind2=" ">
    <subfield code="2">udc</subfield>
    <subfield code="c">ANA</subfield>
  </datafield>
</record>
